| 000 | 01267cam a2200337 a 4500 | ||
|---|---|---|---|
| 001 | 17649028 | ||
| 003 | NUST | ||
| 005 | 20240202160928.0 | ||
| 008 | 130305s2013 ctu 001 0 eng | ||
| 010 |
_a 2013001802 _z 2013934188 |
||
| 020 | _a9780300190960 | ||
| 038 | _aAZHAR | ||
| 040 |
_aDLC _cDLC _dDLC |
||
| 042 | _apcc | ||
| 050 | 0 | 0 |
_aPN49 _b.E254 2013 |
| 082 |
_a801 _223 _bEAG |
||
| 100 | 1 |
_aEagleton, Terry, _d1943- _eauthor. _9120272 |
|
| 245 | 1 | 0 |
_aHow to read literature / _cTerry Eagleton. |
| 260 |
_aNew Haven ; _aLondon : _bYale University Press, _cc2013. |
||
| 300 |
_ax, 216 pages ; _c22 cm. |
||
| 500 | _aIncludes index. | ||
| 505 | 0 | _aOpenings -- Character -- Narrative -- Interpretation -- Value. | |
| 650 | 0 |
_aLiterature _xPhilosophy. _9120273 |
|
| 650 | 0 |
_aAuthors and readers. _9120274 |
|
| 650 | 0 |
_aLiterature _xHistory and criticism _xTheory, etc. _945927 |
|
| 650 | 0 |
_aReader-response criticism. _9120275 |
|
| 650 | 0 |
_aLiterature _xExplication. _9120276 |
|
| 906 |
_a7 _bcbc _corignew _d1 _eecip _f20 _gy-gencatlg |
||
| 942 |
_2ddc _cBK |
||
| 999 |
_c607641 _d607641 |
||